000 nam a22 7a 4500
999 _c9882
_d9882
008 180208b ||||| |||| 00| 0 eng d
100 _aMaanu Graphics
_95956
245 _aGandhi the Bhagavat Geeta
260 _aNew Delhi
_bMaanu Publication
_c2012